| 000 | 01103njm a22002537a 4500 | ||
|---|---|---|---|
| 005 | 20100831160354.0 | ||
| 007 | sd ammalaaahaa | ||
| 008 | 100830t xxu||||| |||| 00| 0 eng d | ||
| 028 |
_aN.15906 _bHis Master's Voice |
||
| 028 | _aOML.4776 | ||
| 035 | _aGR-145 | ||
| 040 |
_aSED _cSED |
||
| 100 |
_aThirakhwa, Ahmedjan Khansahib _917693 |
||
| 245 |
_aTritala purab tukada/ _csung by Ahmedjan Khansahib Thirakhwa _h[sound recording] : |
||
| 246 | _aत्रिताला पूरब टुकड़ा / अह्मेद्जन खंसहिब थिरख्वा | ||
| 260 |
_aDum Dum , India _bHis Master's Voice |
||
| 300 |
_a1 sound disc [GramphoneRecording] : _banalog, 33 1/3 rpm _c9.5 in (MP) _fGramphones Records |
||
| 500 | _aBrief Record | ||
| 505 | _aSide 2 त्रिताला कायदा दर्जा (Tritala kayada darja) (Ahmedjan Khansahib Thirakhwa). | ||
| 650 |
_xExcerpts _zIndia _917514 _aClassical music |
||
| 700 |
_917515 _aNath,Surjit |
||
| 942 |
_2ddc _cGR |
||
| 999 |
_c43275 _d43275 |
||